000
00267nam a2200109Ia 4500
008
200302s9999 xx 000 0 und d
100
_a
Author
245
_a
The Big Book of Designer House Plans
260
_b
Hanley Wook Published
260
_c
2005
300
_a
463 P.,
999
_c
5189
_d
5189